00521 2200205 4500001002100000005001800021008004100039020001800080035002400098040001200122090002200134100001300156245002800169250001000197260003000207300002200237650001800259850001200277990002600289YOGYA-1010000000041820101002085403968 ind  a979-499-115-5 0010-101000000000418 aYOPDYOG aDEP 346.044 Muj H aMudjiono aHukum agrariacMudjiono aCet.1 aYogyakartabLibertyc1992 aVI,123 hlm.c21cm aHukum Agraria aYOPDYOG a1992 - 45 h CB - D 11